| 000 | 00531nam a2200193 a 4500 | ||
|---|---|---|---|
| 001 | 1775557145365 | ||
| 003 | YourLibrary | ||
| 005 | 20260407155042.0 | ||
| 008 | 260407s2005##################000#0#eng## | ||
| 020 | _a9783631533666 | ||
| 082 | 0 | 4 |
_a355.03354 _bKER |
| 100 | 1 |
_aKernic, Franz, _eauthor. |
|
| 245 | 1 | 0 | _aThe European Armed Forces in Transition : |
| 260 |
_bPeter Lang Pub Incorporated, _c2005. |
||
| 300 | _a177 pages | ||
| 650 | 0 | _aPolitical Science. | |
| 942 | _cENGLISH | ||
| 040 |
_aYourLibrary _beng _cYourLibrary |
||
| 999 |
_c618963 _d618963 |
||